Statistics for All Countries with only 1 Border

Click here to take the quiz!

General Stats

  • This quiz has been taken 90 times
    (33 since last reset)
  • The average score is 15 of 17

Answer Stats

Answer% Correct
Monaco
100%
San Marino
100%
Vatican City
100%
Brunei
95%
Lesotho
95%
Canada
91%
Denmark
91%
Dominican Republic
91%
Haiti
91%
South Korea
91%
Papua New Guinea
86%
Ireland
82%
The Gambia
82%
Timor-Leste
82%
Portugal
73%
Qatar
73%
United Kingdom
73%

Score Distribution

Percentile by Number Answered

Percent of People with Each Score

Your Score History

You have not taken this quiz since the last reset